000 00409nam a2200109Ia 4500
008 171211s9999 xx 000 0 und d
245 _aArt Journey Portraits And Figures: The Best Of Contemporary Drawing In Graphite, Pastel And Colored Pencil
245 _cRachel Rubin Wolf
260 _c2014
650 _xDrawing
856 _uhttp://down.ebook777.com/001/ArtJouPorAndFigTheBesOfConDraInGraPasAndColPen.epub
999 _c348051
_d348051